[Event "Monte Carlo MNC"]
[Site "?"]
[Date "2006.03.28"]
[Round "9.3"]
[White "Gelfand Boris"]
[Black "Aronian Levon"]
[Result "0-1"]
[WhiteElo "2723"]
[BlackElo "2752"]
[PlyCount "90"]
[EventDate "2006.??.??"]
[Source "www.chesslib.no"]
[SourceDate "2004.05.04"]

1. d4 Nf6 2. c4 c5 3. d5 e5 4. Nc3 d6 5. e4 Be7 6. g3 Nbd7 7. Bg2 O-O 8. Nge2 Ne8 9. O-O g6 10. Be3 Ng7 11. Kh1 Kh8 12. Qd2 Nf6 13. f4 exf4 14. gxf4 Re8 15. Bg1 Ngh5 16. e5 dxe5 17. fxe5 Ng4 18. Ne4 Nxe5 19. d6 Bf8 20. Bxc5 Bg7 21. Rac1 b6 22. Bg1 Bb7 23. c5 bxc5 24. Nxc5 Bxg2+ 25. Kxg2 Qc8 26. Nd4 Qg4+ 27. Kh1 Rad8 28. Nb7 Rd7 29. Rc7 Qh3 30. Qg2 Ng3+ 31. Qxg3 Qxf1 32. Qg2 Qa6 33. Nc5 Qxd6 34. Nb5 Qxc7 35. Nxc7 Rxc7 36. Qd5 Rcc8 37. Nb7 Rc1 38. Nd6 Rd8 39. Kg2 Rc2+ 40. Kg3 Kg8 41. Kh3 h5 42. Bxa7 Rxb2 43. Bc5 Kh7 44. Bd4 Rd2 45. Qa5 Rd3+ 0-1

[Event "Villarrobledo"]
[Site "?"]
[Date "2006.08.06"]
[Round "8"]
[White "Van Wely Loek"]
[Black "Malakhov Vladimir"]
[Result "1/2-1/2"]
[WhiteElo "2675"]
[BlackElo "2690"]
[PlyCount "64"]
[EventDate "2006.??.??"]
[Source "www.chesslib.no"]
[SourceDate "2004.05.04"]

1. d4 Nf6 2. c4 c5 3. d5 e5 4. Nc3 d6 5. e4 Be7 6. Bd3 O-O 7. h3 Ne8 8. Nf3 g6 9. g4 Ng7 10. Rg1 Kh8 11. Qd2 Nd7 12. Qh6 f6 13. Bd2 Rf7 14. h4 Bf8 15. Qe3 Ne8 16. h5 g5 17. Nh2 Nc7 18. Nf1 a6 19. Qe2 Nb6 20. Ne3 Bd7 21. b3 Nc8 22. a3 Qe8 23. f3 b5 24. Kf2 b4 25. axb4 cxb4 26. Na4 a5 27. Nf5 Na6 28. Be3 Bxa4 29. Rxa4 Nc5 30. Bxc5 dxc5 31. Rga1 Rfa7 32. Bc2 Nd6 1/2-1/2

[Event "FRA Ch Top 16 GpA"]
[Site "?"]
[Date "2005.04.01"]
[Round "5"]
[White "Lautier Joel"]
[Black "Nisipeanu Liviu-Dieter"]
[Result "0-1"]
[WhiteElo "2678"]
[BlackElo "2673"]
[PlyCount "86"]
[EventDate "2005.??.??"]
[Source "www.chesslib.no"]
[SourceDate "2004.05.04"]

1. d4 Nf6 2. c4 c5 3. d5 e5 4. Nc3 d6 5. e4 Be7 6. Nf3 O-O 7. h3 Nbd7 8. Bd3 a6 9. a4 Nh5 10. Ne2 g6 11. g4 Ng7 12. Ng3 Kh8 13. Be3 Nf6 14. Qc2 Ng8 15. Ke2 Bd7 16. b4 cxb4 17. a5 f5 18. gxf5 gxf5 19. exf5 Bh4 20. Ne4 Nxf5 21. Rag1 Nf6 22. Bb6 Qe8 23. Nxh4 Nxh4 24. Nxd6 Qh5+ 25. Kf1 Rg8 26. Be2 Rxg1+ 27. Rxg1 Bxh3+ 28. Ke1 Bg4 29. Rxg4 Nxg4 30. Qe4 Rg8 31. Bc7 Rg7 32. Bd8 b3 33. Kd2 Qh6+ 34. Kc3 Qxd6 35. Bxh4 Qa3 36. Bd3 b2+ 37. Kd2 Qxa5+ 38. Ke2 Qb6 39. Qf5 Qg6 40. Qf8+ Rg8 41. Qb4 Qh5 42. Bg3 Nxf2+ 43. Kxf2 Qg5 0-1

[Event "FRA Ch Top 16 Poule Haute"]
[Site "?"]
[Date "2005.05.04"]
[Round "8"]
[White "Kazhgaleyev Murtas"]
[Black "Nisipeanu Liviu-Dieter"]
[Result "0-1"]
[WhiteElo "2600"]
[BlackElo "2670"]
[PlyCount "64"]
[EventDate "2005.??.??"]
[Source "www.chesslib.no"]
[SourceDate "2004.05.04"]

1. d4 Nf6 2. c4 c5 3. d5 e5 4. Nc3 d6 5. e4 Be7 6. h3 Nbd7 7. Be3 h5 8. Bd3 h4 9. Nf3 Nh5 10. Ne2 Nf8 11. Qd2 a6 12. O-O-O Nf6 13. Kb1 Ng6 14. Nh2 Rb8 15. f4 exf4 16. Bxf4 b5 17. cxb5 axb5 18. Nf3 Nd7 19. Bh2 Nde5 20. Nf4 Nxf4 21. Bxf4 Nxd3 22. Qxd3 O-O 23. e5 Ra8 24. exd6 Bf6 25. Be5 g6 26. Ka1 Bf5 27. Qc3 Bxe5 28. Nxe5 Qxd6 29. Nc6 Rxa2+ 30. Kxa2 Ra8+ 31. Na5 b4 32. Qc1 b3+ 0-1

[Event "Brussel act"]
[Site "?"]
[Date "1991.??.??"]
[Round "?"]
[White "Gurevich, M."]
[Black "Anand, V."]
[Result "1-0"]
[WhiteElo "2625"]
[BlackElo "2635"]
[PlyCount "79"]
[EventDate "1991.??.??"]
[Source "www.chesslib.no"]
[SourceDate "2004.05.04"]

1. d4 c5 2. d5 e5 3. c4 Nf6 4. Nc3 d6 5. e4 Be7 6. h3 O-O 7. Bd3 Nbd7 8. g4 a6 9. a4 Rb8 10. Be3 h6 11. Nf3 Nh7 12. Ne2 Re8 13. Ng3 Ndf8 14. Nf5 Ng6 15. Kf1 Bf6 16. Qd2 Ng5 17. Ng1 Nh7 18. Ne2 Bg5 19. Neg3 Bxe3 20. fxe3 Ngf8 21. Kg2 g6 22. Nxh6+ Kg7 23. Nhf5+ gxf5 24. exf5 Qh4 25. Qf2 Kh8 26. Ne4 Qxf2+ 27. Kxf2 Rd8 28. Kg3 Kg7 29. h4 Nf6 30. Nxf6 Kxf6 31. g5+ Kg7 32. f6+ Kg8 33. h5 Re8 34. Be4 b5 35. axb5 axb5 36. b3 bxc4 37. bxc4 Rb4 38. Ra7 Nd7 39. g6 Rd8 40. Rxd7 1-0

[Event "Corsica Masters"]
[Site "Bastia FRA"]
[Date "2007.10.29"]
[Round "1.1"]
[White "Karpov, Ana"]
[Black "Hamdouchi, H."]
[Result "1-0"]
[WhiteElo "2670"]
[BlackElo "2576"]
[PlyCount "101"]
[EventDate "2007.10.29"]
[Source "www.chesslib.no"]
[SourceDate "2004.05.04"]

1. d4 Nf6 2. c4 c5 3. d5 e5 4. Nc3 d6 5. e4 Be7 6. h4 h5 7. g3 Nbd7 8. Bd2 a6 9. Qc2 g6 10. Bd3 Kf8 11. f3 Kg7 12. Nh3 Ne8 13. a4 Nc7 14. a5 Rb8 15. Na4 b5 16. axb6 Nxb6 17. Nxb6 Bxh3 18. Rxh3 Rxb6 19. Bc3 Bf6 20. Rh1 Qd7 21. Qc1 Rhb8 22. Bc2 Qe7 23. Rh2 Kh7 24. Ba4 Bg7 25. g4 Bh6 26. g5 Bg7 27. Ra3 f6 28. Ba5 R6b7 29. Rg2 fxg5 30. hxg5 Qf7 31. Rd3 Ra7 32. Bc6 Na8 33. b3 Nb6 34. Kd1 Nc8 35. Kc2 Ne7 36. Ba4 Rab7 37. Bd2 Nc8 38. f4 exf4 39. Bxf4 Qe7 40. Qe3 Nb6 41. Qg3 Nxa4 42. Bxd6 Qxe4 43. Bxb8 Rxb8 44. Qf3 Qe5 45. bxa4 Qa1 46. Kd2 Rb2+ 47. Ke3 Bd4+ 48. Rxd4 cxd4+ 49. Ke4 Qe1+ 50. Kxd4 Rxg2 51. Qxg2 1-0

[Event "World Cup"]
[Site "Khanty-Mansiysk RUS"]
[Date "2007.11.29"]
[Round "2.4"]
[White "Zhao Jun"]
[Black "Nisipeanu, LD."]
[Result "1/2-1/2"]
[WhiteElo "2552"]
[BlackElo "2668"]
[PlyCount "84"]
[EventDate "2007.11.24"]
[Source "www.chesslib.no"]
[SourceDate "2004.05.04"]

1. d4 Nf6 2. c4 c5 3. d5 e5 4. Nc3 d6 5. e4 Nbd7 6. Bd3 Be7 7. Nge2 a6 8. Ng3 h5 9. Nf5 Bf8 10. Bg5 g6 11. Ne3 h4 12. g3 Bh6 13. Bxh6 Rxh6 14. Qd2 Rh8 15. O-O-O Nh5 16. Ng2 h3 17. Ne3 Ndf6 18. Rdf1 Bd7 19. f4 Qe7 20. Qe2 b5 21. fxe5 Qxe5 22. cxb5 axb5 23. Bxb5 Ke7 24. Bd3 Rhb8 25. Nc4 Qg5+ 26. Qd2 Qxd2+ 27. Kxd2 Ng4 28. b3 Bb5 29. Be2 Bxc4 30. Bxc4 Ne5 31. Bd3 Nf6 32. Bc2 Rb4 33. Rf4 c4 34. Re1 cxb3 35. Bxb3 Rc8 36. Kc2 Rd4 37. Re3 Nfg4 38. Rxg4 Nxg4 39. Re2 Ne5 40. Re3 Ng4 41. Re2 Ne5 42. Re3 Ng4 1/2-1/2

[Event "Ch Spain (team) (Honor Gr.2)"]
[Site "Lugo (Spain)"]
[Date "2007.06.28"]
[Round "2"]
[White "Miton Kamil (POL)"]
[Black "Marin Mihail (ROM)"]
[Result "1/2-1/2"]
[WhiteElo "2653"]
[BlackElo "2533"]
[PlyCount "96"]
[EventDate "2007.??.??"]
[Source "www.chesslib.no"]
[SourceDate "2004.05.04"]

1. d4 Nf6 2. c4 c5 3. d5 e5 4. Nc3 d6 5. e4 Be7 6. Nf3 O-O 7. Be2 Nbd7 8. O-O Ne8 9. a3 g6 10. Bh6 Ng7 11. b4 b6 12. Qd2 Nf6 13. Ne1 Kh8 14. Nd3 Ng8 15. Be3 f5 16. f4 exf4 17. Bxf4 fxe4 18. Nxe4 Bf5 19. Ng3 Bf6 20. Rae1 Qd7 21. Nxf5 Nxf5 22. Bg4 Rae8 23. Rxe8 Rxe8 24. Bxf5 gxf5 25. Bg3 Re4 26. bxc5 bxc5 27. Qc2 Qe7 28. Nf4 Bd4+ 29. Kh1 Be5 30. Qd3 Qf6 31. Nh5 Qg5 32. Bxe5+ Rxe5 33. Nf4 Re4 34. Ne6 Qe3 35. Qb1 Rxc4 36. Qb7 Qe5 37. h3 Rc2 38. Qd7 Qg3 39. Nf4 c4 40. Qxf5 Rd2 41. Qe4 c3 42. Qb4 Qe3 43. Rf3 Rd1+ 44. Kh2 Qg1+ 45. Kg3 Qe1+ 46. Kh2 Qg1+ 47. Kg3 Qe1+ 48. Kh2 Qg1+ 1/2-1/2

[Event "II Campionato Italiano Lampo Online"]
[Site "playchess.com"]
[Date "2007.12.23"]
[Round "1.1"]
[White "Rombaldoni, Denis"]
[Black "Godena, Michele"]
[Result "0-1"]
[WhiteElo "2583"]
[BlackElo "2593"]
[PlyCount "86"]
[EventDate "2007.12.23"]
[Source "www.chesslib.no"]
[SourceDate "2004.05.04"]

1. d4 Nf6 2. c4 c5 3. d5 e5 4. Nc3 d6 5. e4 Nbd7 6. Bd3 Be7 7. Nge2 Bf8 8. O-O Be7 9. f4 O-O 10. f5 a6 11. a4 Ne8 12. Qe1 Bg5 13. Qg3 Bxc1 14. Raxc1 Ndf6 15. Qh3 Nc7 16. Rf3 Bd7 17. Rg3 Kh8 18. Kh1 b5 19. cxb5 axb5 20. axb5 Rb8 21. Ng1 Nxb5 22. Nf3 Nxc3 23. bxc3 c4 24. Bc2 Qb6 25. Qh4 h6 26. Rf1 Qb2 27. Bd1 Qxc3 28. Ng5 Qc1 29. Ne6 fxe6 30. dxe6 Rb1 31. h3 Be8 32. Be2 Qb2 33. Bxc4 Rxf1+ 34. Bxf1 Qc1 35. Rf3 Bb5 36. Kg1 Bxf1 37. Rxf1 Qe3+ 38. Kh1 Qxe4 39. Qg3 d5 40. Qg6 d4 41. e7 Re8 42. Qf7 Qd5 43. Qf8+ Qg8 0-1

[Event "Corr"]
[Site "?"]
[Date "1998.02.01"]
[Round "?"]
[White "Sek Zbigniew"]
[Black "Veinger Itzhak"]
[Result "1-0"]
[WhiteElo "2565"]
[BlackElo "2605"]
[PlyCount "63"]
[EventDate "1998.??.??"]
[Source "www.chesslib.no"]
[SourceDate "2004.05.04"]

1. d4 Nf6 2. c4 c5 3. d5 e5 4. Nc3 d6 5. e4 Be7 6. g3 O-O 7. Bg2 Na6 8. Nf3 Nc7 9. O-O a6 10. a4 b6 11. Ne1 Nd7 12. Nd3 Bg5 13. f4 Bf6 14. Kh1 Rb8 15. f5 b5 16. b3 Bg5 17. h4 Bxc1 18. Qxc1 Nf6 19. Nf2 h6 20. a5 Bd7 21. Rg1 Qe7 22. Bf1 Nh7 23. Rg2 bxc4 24. Bxc4 Nb5 25. Na4 Nd4 26. Nb6 Bb5 27. Rb1 Rb7 28. Qe3 Rfb8 29. Ng4 Ra7 30. Rf1 Qd8 31. Nh2 Rab7 32. Rgf2 1-0

[Event "XIX Czech Open Synthesia Rapid"]
[Site "Pardubice CEC"]
[Date "2008.07.17"]
[Round "5"]
[White "Korobov, A."]
[Black "Chuprov, D."]
[Result "0-1"]
[WhiteElo "2590"]
[BlackElo "2577"]
[PlyCount "111"]
[EventDate "2008.07.16"]
[Source "www.chesslib.no"]
[SourceDate "2004.05.04"]

1. d4 Nf6 2. c4 c5 3. d5 e5 4. Nc3 d6 5. e4 Be7 6. Be2 O-O 7. Nf3 Nbd7 8. O-O Ne8 9. Rb1 g6 10. b4 Ng7 11. Ne1 f5 12. Nd3 b6 13. Bd2 f4 14. Bg4 h5 15. Bh3 g5 16. f3 Rf6 17. bxc5 bxc5 18. Nf2 Rg6 19. Kh1 Nb6 20. Bxc8 Qxc8 21. Qb3 g4 22. Na4 Bh4 23. Nxb6 axb6 24. a4 Kh7 25. Qxb6 Bxf2 26. Rxf2 Rxa4 27. Qc6 Qxc6 28. dxc6 Ne6 29. g3 Ra2 30. Be1 Ra6 31. c7 Nxc7 32. gxf4 exf4 33. fxg4 Ne6 34. gxh5 Rg5 35. Rg2 Kh6 36. Rxg5 Kxg5 37. Rd1 Kxh5 38. Kg2 Ng5 39. h3 Ra2+ 40. Rd2 f3+ 41. Kf1 Rxd2 42. Bxd2 Nxe4 43. Be1 Kg5 44. Kg1 Kf4 45. Bf2 Nd2 46. Kh2 Nxc4 47. Bg3+ Kf5 48. Kg1 Ne5 49. Kf2 Ke4 50. h4 Ng4+ 51. Kf1 d5 52. h5 d4 53. Be1 c4 54. Bd2 c3 55. Bg5 d3 56. Ke1 0-1

[Event "Camp. olandese open"]
[Site "Dieren OLA"]
[Date "2007.07.31"]
[Round "7"]
[White "L'Ami, E."]
[Black "Ikonnikov, Vy"]
[Result "1-0"]
[WhiteElo "2598"]
[BlackElo "2558"]
[PlyCount "141"]
[EventDate "2007.07.24"]
[Source "www.chesslib.no"]
[SourceDate "2004.05.04"]

1. d4 Nf6 2. c4 c5 3. d5 e5 4. Nc3 d6 5. e4 Be7 6. Bd3 O-O 7. h3 Nbd7 8. Nge2 Ne8 9. g4 g6 10. Ng3 Ng7 11. Be3 Bh4 12. Qd2 Nf6 13. Bg5 Bxg5 14. Qxg5 Kh8 15. f3 Ng8 16. Qxd8 Rxd8 17. h4 Bd7 18. a3 a5 19. Kd2 Ne8 20. Nf1 Nc7 21. Ne3 Kg7 22. Nb5 Nxb5 23. cxb5 Ne7 24. a4 Nc8 25. Nc4 b6 26. g5 f5 27. h5 f4 28. Rh2 gxh5 29. Rxh5 Be8 30. Rh6 Bg6 31. Bf1 Rb8 32. Bh3 Ne7 33. Bg4 Ng8 34. Rh2 Ne7 35. Rah1 Rb7 36. Ke1 Kg8 37. Be6+ Kg7 38. Kd2 Rbb8 39. Kc3 Rb7 40. Rh4 Rbb8 41. Nd2 Rf8 42. Bg4 Rb7 43. Nc4 Rd8 44. Bh5 Kg8 45. Bxg6 Nxg6 46. Rh6 Rdd7 47. R1h5 Rd8 48. Kd2 Rdd7 49. Ke2 Rd8 50. Kf2 Rdd7 51. Kg2 Rd8 52. Kh3 Rdd7 53. Kg4 Rd8 54. Rh1 Rdd7 55. Na3 Rd8 56. Nc2 Rg7 57. Ne1 Nh8 58. Rf6 Rf8 59. Kf5 Nf7 60. Rh5 Rg6 61. Rxg6+ hxg6+ 62. Kxg6 Nh8+ 63. Rxh8+ Kxh8 64. Ng2 c4 65. Nh4 c3 66. bxc3 Rc8 67. Kf7 Rc7+ 68. Kf6 Rxc3 69. g6 Rc1 70. Nf5 Rg1 71. Nxd6 1-0

[Event "60th ch-RUS Higher League"]
[Site "Krasnoyarsk RUS"]
[Date "2007.09.08"]
[Round "5"]
[White "Grachev, B."]
[Black "Chuprov, D."]
[Result "1-0"]
[WhiteElo "2601"]
[BlackElo "2554"]
[PlyCount "81"]
[EventDate "2007.09.03"]
[Source "www.chesslib.no"]
[SourceDate "2004.05.04"]

1. d4 Nf6 2. c4 c5 3. d5 e5 4. Nc3 d6 5. e4 Be7 6. Be2 O-O 7. Nf3 Nbd7 8. O-O Ne8 9. Ne1 g6 10. Nd3 Ng7 11. f4 f5 12. fxe5 Nxe5 13. Nxe5 dxe5 14. Be3 b6 15. Nb5 Bg5 16. Qd3 Bxe3+ 17. Qxe3 f4 18. Qd2 a6 19. Nc3 Qd6 20. a3 Bd7 21. Rab1 g5 22. Qd1 Rf6 23. b4 Rg6 24. Na4 Bxa4 25. Qxa4 g4 26. Qc6 Qxc6 27. dxc6 cxb4 28. axb4 Rxc6 29. c5 Rg6 30. Bc4+ Kf8 31. Rfd1 b5 32. Bb3 Ra7 33. Rd8+ Ke7 34. Rbd1 g3 35. h4 Ne8 36. Rb8 Nf6 37. c6 Ng4 38. Rh8 Rg7 39. Rhd8 Rg6 40. R1d7+ Rxd7 41. Rxd7+ 1-0

[Event "Open, Lisbon POR"]
[Site "?"]
[Date "2001.??.??"]
[Round "5"]
[White "Piket, Je"]
[Black "Kogan, A."]
[Result "1/2-1/2"]
[WhiteElo "2630"]
[BlackElo "2515"]
[PlyCount "46"]
[EventDate "2001.??.??"]
[Source "www.chesslib.no"]
[SourceDate "2004.05.04"]

1. d4 Nf6 2. c4 c5 3. d5 e5 4. Nc3 d6 5. e4 Be7 6. Nf3 Nbd7 7. a3 a6 8. Be2 h5 9. Rb1 h4 10. O-O Nh7 11. b4 Ng5 12. Ne1 Qc7 13. Be3 b6 14. Qa4 Ra7 15. bxc5 bxc5 16. Nd3 O-O 17. Qc6 Qa5 18. Bxg5 Bxg5 19. Rb3 Be7 20. Rfb1 Rc7 21. Qa4 Qxa4 22. Nxa4 g6 23. Nb6 f5 1/2-1/2

[Event "GER Ch 71st"]
[Site "?"]
[Date "2005.02.23"]
[Round "6"]
[White "Khenkin Igor"]
[Black "Prusikin Michael"]
[Result "1-0"]
[WhiteElo "2604"]
[BlackElo "2540"]
[PlyCount "123"]
[EventDate "2005.??.??"]
[Source "www.chesslib.no"]
[SourceDate "2004.05.04"]

1. d4 Nf6 2. c4 c5 3. d5 e5 4. Nc3 d6 5. e4 Be7 6. Nf3 Nbd7 7. h3 Nf8 8. Bd3 Ng6 9. O-O h6 10. Rb1 O-O 11. Ne2 Nh5 12. b4 b6 13. bxc5 bxc5 14. Qa4 Qc7 15. Bd2 Bd7 16. Qa6 Rab8 17. Kh2 Rb6 18. Rxb6 Qxb6 19. Qxb6 axb6 20. Rb1 Rb8 21. Nc3 Nf6 22. Rb3 Bd8 23. Ra3 Ne7 24. Bc2 Kf8 25. Bc1 Ne8 26. Ba4 Bc8 27. Bxe8 Kxe8 28. Nb5 Kd7 29. Nh4 Bb7 30. g3 Ra8 31. Rxa8 Bxa8 32. Kg2 Bb7 33. Kf3 Bc8 34. Ke2 Ba6 35. Kd3 g5 36. Nf5 Nxf5 37. exf5 Bxb5 38. cxb5 h5 39. Ke4 f6 40. Bd2 Ke8 41. a4 Kf7 42. f3 Ke8 43. Kd3 Kd7 44. Ke2 Ke8 45. Kf2 Kf7 46. Kg2 Kg7 47. h4 g4 48. fxg4 hxg4 49. Kf2 Bc7 50. Ke2 Kh7 51. Kd3 Kg7 52. Kc4 Bd8 53. Bc3 Bc7 54. a5 Kh7 55. a6 Bb8 56. Bd2 Ba7 57. Be3 Kg7 58. Kb3 Kh7 59. Kc4 Kg7 60. Kd3 Kh7 61. h5 Kg7 62. h6+ 1-0

[Event "Open"]
[Site "Mosca RUS"]
[Date "2007.02.04"]
[Round "9"]
[White "Malakhatko, V."]
[Black "Chuprov, D."]
[Result "0-1"]
[WhiteElo "2604"]
[BlackElo "2534"]
[PlyCount "154"]
[EventDate "2007.01.27"]
[Source "www.chesslib.no"]
[SourceDate "2004.05.04"]

1. d4 Nf6 2. c4 c5 3. d5 e5 4. Nc3 d6 5. e4 Be7 6. g3 Na6 7. Bg2 Nc7 8. Nf3 O-O 9. O-O a6 10. a4 b6 11. Ne1 Rb8 12. Nd3 b5 13. b3 Nd7 14. a5 Bf6 15. Ra2 Re8 16. Ne2 Nf8 17. Be3 Bd7 18. f4 exf4 19. gxf4 bxc4 20. bxc4 Ng6 21. Ng3 Nh4 22. e5 Nxg2 23. Kxg2 Qc8 24. Kh1 Bg4 25. Qd2 Bh3 26. exf6 Bxf1 27. Nxf1 Rb1 28. Qg2 g6 29. Bg1 Qf5 30. Ra3 Qxf6 31. Nd2 Rd1 32. Ne4 Qe7 33. Ng3 Rb8 34. Nf2 Re1 35. Nf5 Qd7 36. Nh6+ Kg7 37. Nhg4 h5 38. Qg3 Rc1 39. Ra1 Rxc4 40. Ne3 Rd4 41. Nc2 Rxd5 42. Ne4 Ne8 43. Re1 Qc6 44. Qg2 Rf5 45. Be3 Nf6 46. Nxf6 Qxg2+ 47. Kxg2 Rxf6 48. Bd2 Re6 49. Rd1 Rb3 50. Kf2 Kf8 51. Ne3 Re4 52. f5 Rf4+ 53. Ke2 gxf5 54. Nd5 Re4+ 55. Kf2 Rd4 56. Bh6+ Ke8 57. Rxd4 cxd4 58. Nc7+ Kd7 59. Nxa6 Rb2+ 60. Ke1 Rxh2 61. Nb4 Rh1+ 62. Kf2 Ra1 63. a6 h4 64. Kg2 Ra4 65. Bd2 f4 66. Be1 Ke6 67. Nc6 Rxa6 68. Nxd4+ Kd5 69. Nf3 Ra2+ 70. Kh3 Ke4 71. Ng5+ Ke3 72. Nxf7 d5 73. Ne5 f3 74. Ng4+ Ke2 75. Bxh4 Ra4 76. Bg3 Rxg4 77. Kxg4 d4 0-1

[Event "Kusadasi TUR"]
[Site "?"]
[Date "2006.04.14"]
[Round "10"]
[White "Hillarp Persson Tiger"]
[Black "Nevednichy Vladislav"]
[Result "1/2-1/2"]
[WhiteElo "2548"]
[BlackElo "2581"]
[PlyCount "172"]
[EventDate "2006.??.??"]
[Source "www.chesslib.no"]
[SourceDate "2004.05.04"]

1. d4 Nf6 2. c4 c5 3. d5 e5 4. Nc3 d6 5. e4 Be7 6. g3 Na6 7. a3 h5 8. h4 Nc7 9. b4 b6 10. Rb1 O-O 11. Bd3 Nce8 12. Nh3 g6 13. Kf1 Ng7 14. Kg2 Nh7 15. Bh6 Bd7 16. Qe2 Qc8 17. Rb3 Kh8 18. bxc5 bxc5 19. f3 Nf6 20. Nf2 Ng8 21. Bd2 Qc7 22. Rhb1 Rfb8 23. Rxb8 Rxb8 24. Rxb8 Qxb8 25. Bc1 Bd8 26. Qb2 Qxb2 27. Bxb2 a6 28. Bc2 Ba5 29. f4 f6 30. Ncd1 Nh6 31. Ne3 Nf7 32. Kf3 Kg8 33. f5 g5 34. Ke2 Kf8 35. Nd3 Ke7 36. Ne1 Ne8 37. Nf3 g4 38. Nd2 Nc7 39. Nb3 Bb6 40. Nd2 Na8 41. Bc3 Bd8 42. Nd1 Bc7 43. Nb2 Nd8 44. Nb3 Nb7 45. Kd3 Nb6 46. Nc1 Ke8 47. Bd2 Nc8 48. Nb3 Ne7 49. Ke2 Nc8 50. a4 Nb6 51. a5 Nc8 52. Kd1 Ke7 53. Kc1 Ke8 54. Kb1 Ke7 55. Ka2 Ke8 56. Ka3 Ke7 57. Bd1 Be8 58. Be2 Kd8 59. Nd1 Ke7 60. Ne3 Nd8 61. Nd1 Nb7 62. Nf2 Nd8 63. Bd1 Kf7 64. Bc3 Ne7 65. Be1 Nb7 66. Bd2 Bd7 67. Be2 Kg7 68. Nd3 Kf7 69. Be1 Nc8 70. Ndc1 Ne7 71. Na2 Ke8 72. Nac1 Kf7 73. Nd3 Ke8 74. Nf2 Kf7 75. Bd2 Kg7 76. Bd1 Bd8 77. Nxg4 hxg4 78. Bxg4 Ng8 79. Bf3 Nh6 80. g4 Nf7 81. Bd1 Kh7 82. Be2 Kg7 83. Bd1 Nh6 84. Be2 Nf7 85. Bd1 Be7 86. Nc1 Bd8 1/2-1/2

[Event "LXXV Camp. brasiliano"]
[Site "Porto Alegre BRA"]
[Date "2008.12.07"]
[Round "1"]
[White "Vescovi, G."]
[Black "Lima, Da"]
[Result "1-0"]
[WhiteElo "2635"]
[BlackElo "2488"]
[PlyCount "81"]
[EventDate "2008.12.07"]
[Source "www.chesslib.no"]
[SourceDate "2004.05.04"]

1. d4 Nf6 2. c4 c5 3. d5 e5 4. Nc3 d6 5. e4 Nbd7 6. Bd3 Be7 7. Nge2 h5 8. h4 a6 9. g3 Nf8 10. f3 Ng6 11. a3 O-O 12. Be3 Qc7 13. b4 b6 14. Qd2 Bd7 15. Kf2 Rfb8 16. Rab1 Ra7 17. Rb2 Rab7 18. Rhb1 Bd8 19. Ng1 Nf8 20. Kg2 g6 21. Kh1 N8h7 22. Qe1 Ne8 23. Rg2 Nhf6 24. Be2 Qc8 25. Nd1 a5 26. b5 Ng7 27. Nf2 Nh7 28. f4 f5 29. fxe5 dxe5 30. Nf3 Bf6 31. Bd2 Qf8 32. Bc3 Re8 33. Qd2 fxe4 34. Nxe4 Bf5 35. Bd3 Bd8 36. Nxe5 Rbe7 37. Qb2 Bc7 38. d6 Bxd6 39. Nxd6 Bxd3 40. Nxd3 Rd8 41. Rf2 1-0

[Event "Camp. olandese 2007"]
[Site "Hilversum OLA"]
[Date "2007.06.21"]
[Round "5"]
[White "Dambacher, M."]
[Black "Sokolov, Iv NED"]
[Result "1/2-1/2"]
[WhiteElo "2466"]
[BlackElo "2655"]
[PlyCount "200"]
[EventDate "2007.06.16"]
[Source "www.chesslib.no"]
[SourceDate "2004.05.04"]

1. d4 Nf6 2. c4 c5 3. d5 e5 4. Nc3 d6 5. e4 Be7 6. Be2 Nbd7 7. Nf3 Nf8 8. h4 h5 9. a3 Ng4 10. g3 Bd7 11. Ng5 f6 12. Nh3 Qc8 13. f3 Nh6 14. Nf2 Nf7 15. Be3 a6 16. b4 Qc7 17. Qb3 b6 18. Rb1 g5 19. hxg5 fxg5 20. bxc5 bxc5 21. Qb7 Qxb7 22. Rxb7 h4 23. g4 Ng6 24. Bd1 Nd8 25. Rb6 O-O 26. Kd2 Nf7 27. Ba4 Bd8 28. Rb2 Bc8 29. Ke2 Nf4+ 30. Kf1 Nh8 31. Ncd1 Nhg6 32. Bd2 Rf7 33. Ne3 Rb7 34. Rxb7 Bxb7 35. Nf5 Bc7 36. Bc3 Rb8 37. Ke1 Bc8 38. Kd2 Kf7 39. Re1 Nf8 40. Nh6+ Kg7 41. Nf5+ Kf6 42. Ne3 N8g6 43. Rh1 Bb7 44. Rb1 Ne7 45. Bd7 h3 46. Nf1 Bc8 47. Rxb8 Bxb8 48. Bxc8 Nxc8 49. Ba5 Ba7 50. Nd1 Bb6 51. Bc3 Bc7 52. Ke3 Ne7 53. Nb2 Neg6 54. Bd2 Nh4 55. Kf2 Bb6 56. Nh2 Bd8 57. Bc3 Bb6 58. Bd2 Bc7 59. Bc3 Nhg6 60. Ke3 Nh8 61. Nd3 Nf7 62. Nc1 Nd8 63. Nb3 Ke7 64. Nf1 Kd7 65. Nh2 Nf7 66. Nf1 Nh8 67. Nh2 Nhg6 68. Nf1 Nh4 69. Nc1 Kc8 70. Kf2 a5 71. a4 Kb7 72. Nh2 Nhg6 73. Ke3 Ne7 74. Nd3 Ka6 75. Nb2 Nc8 76. Bd2 Bd8 77. Bc3 Ne7 78. Bd2 Neg6 79. Bc3 Nh4 80. Bd2 Kb6 81. Bc3 Nhg6 82. Bd2 Nf8 83. Bc3 Nd7 84. Bd2 Nb8 85. Bc3 Na6 86. Kd2 Nb4 87. Nf1 Kc7 88. Nh2 Ng6 89. Nf1 Nh4 90. Nh2 Bf6 91. Kd1 Ng2 92. Kd2 Kb6 93. Nf1 Na2 94. Nh2 Nf4 95. Nf1 Bd8 96. Nh2 Nb4 97. Nf1 Ng2 98. Nh2 Kc7 99. Nf1 Kd7 100. Nh2 Nf4 1/2-1/2

[Event "Camp. svizzero a sq. - Berna-Lucerna"]
[Site "Svizzera"]
[Date "2008.09.07"]
[Round "7.2"]
[White "Milov, Vadim"]
[Black "Atlas, Valery"]
[Result "1-0"]
[WhiteElo "2675"]
[BlackElo "2441"]
[PlyCount "97"]
[EventDate "2008.09.08"]
[Source "www.chesslib.no"]
[SourceDate "2004.05.04"]

1. d4 Nf6 2. c4 c5 3. d5 e5 4. Nc3 d6 5. e4 Be7 6. g3 Nbd7 7. Bg2 O-O 8. Nge2 Ne8 9. O-O Kh8 10. Be3 g6 11. Nc1 f5 12. Nd3 Ndf6 13. exf5 gxf5 14. Rb1 Bd7 15. b4 b6 16. bxc5 bxc5 17. Rb7 Rg8 18. Nb5 f4 19. Bxc5 e4 20. Bd4 f3 21. Bxf3 exf3 22. Re1 Rg4 23. Qxf3 Kg8 24. Nf4 Rg7 25. Ne6 Bxe6 26. Rxe6 Rf7 27. Nxa7 Rxa7 28. Rxa7 Nd7 29. Qe2 Kf8 30. Ra3 Ne5 31. Re3 Ng7 32. Bxe5 dxe5 33. R6xe5 Bd6 34. R5e4 Qd7 35. Rf3 Nf5 36. Qb2 Kg8 37. Rg4+ Ng7 38. Rxf7 Qxf7 39. a4 h5 40. Rg5 Bc5 41. a5 Be7 42. Rxg7+ Qxg7 43. Qxg7+ Kxg7 44. Kg2 Kf6 45. f4 Bc5 46. Kf3 Ke7 47. h3 Kd6 48. g4 Kc7 49. g5 1-0

[Event "TCh-ROU Superliga"]
[Site "Predeal ROU"]
[Date "2007.10.18"]
[Round "6"]
[White "Grigore, Ge"]
[Black "Vajda, L."]
[Result "1/2-1/2"]
[WhiteElo "2538"]
[BlackElo "2564"]
[PlyCount "80"]
[EventDate "2007.10.13"]
[Source "www.chesslib.no"]
[SourceDate "2004.05.04"]

1. d4 Nf6 2. c4 c5 3. d5 e5 4. Nc3 d6 5. e4 Be7 6. g3 Nbd7 7. Bg2 a6 8. a4 b6 9. Nge2 Rb8 10. O-O O-O 11. Bd2 Ne8 12. Nc1 g6 13. Nd3 f5 14. f4 Ng7 15. exf5 gxf5 16. fxe5 dxe5 17. Qe2 e4 18. Nf2 Ne5 19. Bf4 Bd6 20. Kh1 Rb7 21. Ncd1 Bd7 22. Ne3 Be8 23. g4 Nxc4 24. Bxd6 Nxd6 25. Nxf5 Ngxf5 26. gxf5 Nxf5 27. Nxe4 Bg6 28. d6 Rbf7 29. Rad1 a5 30. Nc3 Nd4 31. Qe5 Re8 32. Qd5 Kg7 33. Nb5 Qh4 34. d7 Rxf1+ 35. Rxf1 Re1 36. d8=Q Rxf1+ 37. Bxf1 Be4+ 38. Qxe4 Qxe4+ 39. Kg1 Qe3+ 40. Kg2 Qf3+ 1/2-1/2

[Event "FRA-ch Haute"]
[Site "Vichy"]
[Date "2000.08.23"]
[Round "8"]
[White "Bauer, Christian"]
[Black "Degraeve, Jean Marc"]
[Result "0-1"]
[WhiteElo "2562"]
[BlackElo "2540"]
[PlyCount "100"]
[EventDate "2000.08.15"]
[Source "ChessBase"]
[SourceDate "2000.11.21"]

1. d4 Nf6 2. c4 c5 3. d5 e5 4. Nc3 d6 5. e4 g6 6. Bd3 Bg7 7. h3 O-O 8. Nge2 a6 9. Be3 Nbd7 10. a4 Nh5 11. Qc2 Qe7 12. O-O Nb8 13. g4 Nf6 14. f3 h5 15. Qd2 Nh7 16. Kg2 h4 17. a5 Bf6 18. b4 Nd7 19. Na4 Bg5 20. bxc5 Nxc5 21. Nxc5 dxc5 22. Rab1 f5 23. Rb6 Kg7 24. d6 Qd8 25. Nc3 fxg4 26. fxg4 Rxf1 27. Bxf1 Bxe3 28. Qxe3 Qg5 29. Kf2 Kh6 30. Na4 Bd7 31. Qxg5+ Nxg5 32. Nxc5 Rf8+ 33. Ke2 Bc6 34. Bg2 Rd8 35. Ke3 Nf7 36. d7 Bxd7 37. Nxb7 Rc8 38. Bf1 Bc6 39. Nc5 Ng5 40. Rxa6 Be8 41. Ne6 Bf7 42. Nxg5 Kxg5 43. Rd6 Bxc4 44. Bg2 Rc5 45. a6 Ra5 46. Kf2 Ra2+ 47. Kg1 Rxa6 48. Rd2 Ra1+ 49. Kh2 Ra2 50. Rxa2 Bxa2 0-1